Ολοκαύτωμα στη Θεσσαλονίκη : η ιταλική στάση και οι Εβραίοι μαθητές του Ουμπέρτο Πρίμο

Saved in:
Bibliographic Details
Main Author: Μπουρούτης, Ανδρέας Κ.
Other Authors: Μόλχο, Ρένα (Author of introduction, etc.)
Format: Book
Language:Greek
Published: Αθήνα: Αλεξάνδρεια, c2020.
Series:(Θέματα Εβραϊκής Ιστορίας)
Subjects:
Tags: Add Tag
No Tags, Be the first to tag this record!

MARC

LEADER 00000cam a2200000 a 4500
001 1/122575
008 210127s2020####gr ||||||| |||| ||gre||
020 |a 9789602218433 
040 |a GR-MyUa  |b gre  |c GR-MyUa  |e AACR2 
041 0 |a gre 
082 7 |a 940.531809495  |2 (23) 
100 1 |a Μπουρούτης, Ανδρέας Κ. 
245 1 0 |a Ολοκαύτωμα στη Θεσσαλονίκη :   |b η ιταλική στάση και οι Εβραίοι μαθητές του Ουμπέρτο Πρίμο /   |c Ανδρέας Κ. Μπουρούτης ; προλογικό σημείωμα Ρένα Μόλχο.  
260 |a Αθήνα:   |b Αλεξάνδρεια,   |c c2020.  
300 |a 263 σ. ;   |c 24 εκ.  
490 0 |a (Θέματα Εβραϊκής Ιστορίας) 
650 0 |a Holocaust, Jewish (1939-1945)  |z Greece  |z Thessalonike. 
700 1 |a Μόλχο, Ρένα,  |e aui 
852 |a INST  |b LESVOS  |c EUDOXUS  |e 20210127  |h 940.531809495 ΜΠΟ  |p 005100062085  |q 005100062085  |t EDX  |y 0 
920 |a Εύδοξος  |b Παραγγελία  |y Λέσβος-ΤΚΑΙ  |z 2021-01 
970 |a Δημάκη  |b Μαρία  |z 27-01-2021